=LDR 00000nam 2200000 4500 =001 INLIS000000000028476 =005 20130612130759 =008 ***********************************Ind** =035 ##$$0010-061300000028476 =041 ##$$a Ind =082 ##$$a 2X7.1 =090 ##$$a 2X7.1, Abd d =100 ##$$a Abdurrahman, Majdi Muhammad =245 ##$$a Dialog antara filosof dengan cendekiawan muslim, Majdi Muhammad Abdurrahman =260 ##$$a 1999 $b Jakarta =300 ##$$a 106 hlm, 17 cm =650 ##$$a Dialog - Filsafat =850 ##$$a NBPNMAT